Personaggi di Topolino ideati in Italia - Statistics

Statistiche generali
  • Questo quiz è stato fatto 87 volte
  • Il punteggio medio è 8 su 30
Statistiche sulle risposte
Anno di Debutto Personaggio % Corretto
1969 Paperinik/PK
76%
1960 Brigitta McBridge
60%
1961 Filo Sganga
47%
1960 Trudy
43%
1966 Paperetta Yè-Yè
34%
1973 Paperinika
34%
1959 Atomino Bip Bip
32%
1988 Indiana Pipps
31%
1964 Sgrizzo Papero
31%
2008 DoubleDuck
29%
1969 | 2011 Fantomius
29%
1979 Professor Zapotec
29%
1977 Plottigat
28%
1975 Bruto
26%
1981 OK Quack
26%
1985 Professor Marlin
26%
1997 Rock Sassi
26%
1997 Bum Bum Ghigno
24%
1999 Paperino Paperotto
22%
1982 Umperio Bogarto
22%
1970 | 2007 Dolly Paprika
19%
1965 Anacleto Mitraglia
16%
2003 Eurasia Tost
16%
Primi anni '70 Lusky
15%
1988 Kranz
13%
2004 Vito Doppioscherzo
13%
2011 Mad Ducktor
10%
1972 Reginella
7%
1983 Zenobia
7%
2002 Pipwolf
4%
Nessun quiz corrispondente trovato
Distribuzione punteggi
Percentuale di utenti per punteggio
Percentile per numero di risposta
I tuoi punteggi nel tempo
Non hai fatto questo quiz